Bồi dưỡng năng lực sáng tạo cho học sinh trung học phổ thông qua chủ đề "Giải toán có ứng dụng đạo hàm" ở lớp 12 : Luận văn Thạc sĩ Khoa học giáo dục. Chuyên ngành Lý luận và Phương pháp dạy học bộ môn Toán

Nghiên cứu những vấn đề cơ bản của năng lực sáng tạo và biểu hiện của sáng tạo ở học sinh trung học phổ thông để từ đó đề xuất những biện pháp cần thiết nhằm bồi dưỡng năng lực sáng tạo cho học sinh....

Ausführliche Beschreibung

Gespeichert in:
Bibliographische Detailangaben
1. Verfasser: Lê, Ngọc Kim Chi
Format: Buch
Sprache:Undetermined
Veröffentlicht: Cần Thơ Trường Đại học Cần Thơ 2017
Schlagworte:
Tags: Tag hinzufügen
Keine Tags, Fügen Sie den ersten Tag hinzu!
Thư viện lưu trữ: Trung tâm Học liệu Trường Đại học Cần Thơ
LEADER 01278nam a2200205Ia 4500
001 CTU_224563
008 210402s9999 xx 000 0 und d
082 |a 510.712 
082 |b Ch300 
100 |a Lê, Ngọc Kim Chi 
245 0 |a Bồi dưỡng năng lực sáng tạo cho học sinh trung học phổ thông qua chủ đề "Giải toán có ứng dụng đạo hàm" ở lớp 12 : 
245 0 |b Luận văn Thạc sĩ Khoa học giáo dục. Chuyên ngành Lý luận và Phương pháp dạy học bộ môn Toán 
245 0 |c Lê Ngọc Kim Chi ; Lê Hiển Dương (Cán bộ hướng dẫn) 
260 |a Cần Thơ 
260 |b Trường Đại học Cần Thơ 
260 |c 2017 
520 |a Nghiên cứu những vấn đề cơ bản của năng lực sáng tạo và biểu hiện của sáng tạo ở học sinh trung học phổ thông để từ đó đề xuất những biện pháp cần thiết nhằm bồi dưỡng năng lực sáng tạo cho học sinh. 
650 |a Toán,Mathematics 
650 |x Dạy và học (Trung học),Study and teaching (Secondary) 
980 |a Trung tâm Học liệu Trường Đại học Cần Thơ